000 01094nam a2200253Ia 4500
999 _c34518
_d34518
001 268
003 GE_BSU
005 20240610123956.0
008 181216s1987||||ge |||||||||||||| ||geo||
040 _cGE_BSU
041 _ageo
080 _a617.7(075.8) ბ-512
100 _aბერაძე, ნ.
_922375
245 _aთვალის დაავადებები :
_b[სახელმძღვ. სამედ. ინ-ტის სტუდ.] /
_cნიკოლოზ ბერაძე, ლევან ჩიქოვანი.
250 _aმე-3 გადამუშავებული და შევსებული გამოცემა.
264 _aთბილისი :
_bგანათლება,
_c1987.
300 _a431 გვ.:
_bილ;
_c24 სმ.
504 _aბიბლიოგრ. გვ:425-430
541 _h20 ლ.
653 _aთვალის დაავადებები
653 _aმედიცინა
700 _aჩიქოვანი, ლევან
_eავტორი
_922376
942 _cBK
_2udc